000 00398nam a2200145Ia 4500
008 210210b1984 xxu||||| |||| 00| 0 eng d
082 _a344 MATL
100 _aMATHEW (P D) & BAKSHI (P M).
245 _aLegal education series No.18: indian judicial system.
260 _aND
_bIndian social institute
_c1984
300 _a31
650 _aIndian judicial
690 _aSocial Law
906 _a038903
999 _c88745
_d88745